| 000 | 00614cam a2200217 4500 | ||
|---|---|---|---|
| 001 | ABS62022 | ||
| 008 | 000000n2000 000 0 eng u | ||
| 035 | _a(Sirsi) u104897 | ||
| 100 | _aSmit, J. | ||
| 245 | _aSunley also rises ... to the manufacturing challenge | ||
| 260 | _c2000 | ||
| 490 |
_aBuilding Homes _v(3) March 2000, 14-18(4) |
||
| 520 | _aDescribes Sunley Estates' modular methods of house building. | ||
| 590 | _aABS | ||
| 650 | _aFACTORY BUILD | ||
| 650 | _aHOUSE BUILDING | ||
| 650 | _aMODULAR | ||
| 650 | _aINSULATION | ||
| 690 | _aBUILT ENVIRONMENT-CONSTRUCTION DESIGN | ||
| 942 | _n0 | ||
| 999 |
_c62927 _d62927 |
||